000 00298nam a22001337a 4500
020 _a978-0-143-02829-1
082 _a200
_bKER/J
100 _aKERSTEN, HOLGER
245 _aJESUS LIVED IN INDIA
260 _aDELHI
_bPENGUIN BOOKS
_c2001
300 _a320
650 _aSPIRITUAL
_zINDIA
942 _cBK
999 _c4786
_d4786